=LDR 00000nam 2200000 4500 =001 INLIS000000001052547 =005 20240909084531 =035 ##$$a 0010-0924000086 =007 ta =008 240909################a##########0###### =020 ##$$a 978-89-6509-219-3 =082 ##$$a 028.55 =084 ##$$a 028.55 JEO g =100 #$$a Jeon Min-Hee =245 1#$$a Gajah /$c Jeon Min-Hee =260 ##$$a Tongkeun World :$b Gyeonggi-do,$c 2011 =300 ##$$a 27 hlm : $b ilus ; $c 19,8 x 18,8 cm =650 #4$$a Bacaan Kanak-kanak =990 ##$$a 19441944